[Event "POL-chT U19 2nd League"]
[Site "Chelm Lubelski"]
[Date "2010.07.06"]
[Round "1"]
[White "Gierulski, Kamil"]
[Black "Drabek, Jan"]
[Result "0-1"]
[WhiteElo "1560"]
[BlackElo "1670"]
[PlyCount "80"]
[EventDate "2010.07.06"]
[EventType "team-tourn"]
[EventRounds "11"]
[EventCountry "POL"]
[SourceTitle "EXT 2019"]
[Source "ChessBase"]
[SourceDate "2018.10.10"]
[SourceVersion "1"]
[SourceVersionDate "2018.10.10"]
[SourceQuality "1"]
[WhiteTeam "Rzeszow Staroniwa U19"]
[BlackTeam "Krosno KKSz Urania U19"]
[WhiteTeamCountry "POL"]
[BlackTeamCountry "POL"]

1. e4 c5 2. d4 cxd4 3. c3 d3 4. Bxd3 Nc6 5. Nf3 g6 6. 0-0 Bg7 7. Bf4 d6 8. h3 Nf6 9. Qe2 0-0 10. Nbd2 Nd7 11. Nc4 b5 12. Nxd6 exd6 13. Bxd6 a6 14. Bxf8 Qxf8 15. Rad1 Nde5 16. Nxe5 Nxe5 17. f4 Nxd3 18. Qxd3 Be6 19. b3 Qc5+ 20. Kh1 Qxc3 21. Qxc3 Bxc3 22. f5 Bc8 23. Rd8+ Kg7 24. Rc1 b4 25. fxg6 hxg6 26. Rf1 Bf6 27. Rd2 Be6 28. Kg1 a5 29. Kh2 a4 30. bxa4 Rxa4 31. Rff2 Be5+ 32. g3 Ra3 33. Rg2 Bc4 34. Rc2 Bd3 35. Rcd2 Bxe4 36. Rg1 Bc3 37. Re2 Bd5 38. Rgg2 Bxg2 39. Rxg2 Be5 40. h4 Kf6 0-1